Từ điển Anh - Việt = English - Vietnamese dictionary

Nội dung tài liệu nhằm đáp ứng kịp thời nhu cầu tra cứu và học tập tiếng Anh hiện nay.

保存先:
書誌詳細
フォーマット: 図書
言語:Vietnamese
出版事項: H. Khoa học xã hội 1994
主題:
タグ: タグ追加
タグなし, このレコードへの初めてのタグを付けませんか!
Thư viện lưu trữ: Thư viện Trường Đại học Nam Cần Thơ
LEADER 00778nam a22001697a 4500
001 NCT_4_003688
008 240222b xxu||||| |||| 00| 0 vie d
999 |c 8058  |d 8058 
082 0 4 |2 23rd ed.  |a 432.95922  |b T550Đ 
245 0 0 |a Từ điển Anh - Việt =  |b English - Vietnamese dictionary 
260 |a H.  |b Khoa học xã hội  |c 1994 
300 |a 1959tr.  |c 24 cm 
520 3 |a Nội dung tài liệu nhằm đáp ứng kịp thời nhu cầu tra cứu và học tập tiếng Anh hiện nay. 
653 |a Ngôn ngữ Anh 
942 |2 ddc  |c BK 
952 |0 0  |1 0  |2 ddc  |4 0  |6 432_959220000000000_T550Đ  |7 0  |9 28462  |a 000001  |b 000001  |d 2024-02-22  |o 432.95922 T550Đ  |p MD.22112  |r 2024-02-22  |w 2024-02-22  |y BK 
980 |a Thư viện Trường Đại học Nam Cần Thơ